书目信息 |
| 题名: |
轿车SRS维修技能实训
|
|
| 作者: | 王国荣 , 戴胡斌 主编 | |
| 分册: | ||
| 出版信息: | 北京 北京理工大学出版社 2005.05 |
|
| 页数: | 170页 | |
| 开本: | 26cm | |
| 丛书名: | 零起点·轿车新技术新结构维修技能实训系列 | |
| 单 册: | ||
| 中图分类: | U469.110.7 | |
| 科图分类: | ||
| 主题词: | 轿车--充气安全装备--维修 | |
| 电子资源: | ||
| ISBN: | 7-5640-0439-8 | |
| 000 | 00745nam0 2200217 450 | |
| 001 | 0634604041 | |
| 005 | 20061009105302.20 | |
| 010 | @a7-5640-0439-8@dCNY 17.00 | |
| 100 | @a20060901d2005 km y0chiy0120 ea | |
| 101 | 0 | @achi |
| 200 | 1 | @a轿车SRS维修技能实训@Ajiao che SRS wei xiu ji neng shi xun@f王国荣,戴胡斌主编@Fwang guo rong,dai hu bin zhu bian |
| 210 | @a北京@c北京理工大学出版社@d2005.05 | |
| 215 | @a170页@d26cm | |
| 225 | 2 | @a零起点·轿车新技术新结构维修技能实训系列 |
| 410 | 0 | @12001 @a零起点·轿车新技术新结构维修技能实训系列 |
| 606 | 0 | @a轿车@x充气安全装备@x维修 |
| 690 | @aU469.110.7@v4 | |
| 701 | 0 | @a王国荣@Awang guo rong@4主编 |
| 701 | 0 | @a戴胡斌@Adai hu bin@4主编 |
| 801 | @aCN@c20061009 | |
| 905 | @a10447@dU469.110.7@eW195 | |
| 轿车SRS维修技能实训/王国荣,戴胡斌主编.-北京:北京理工大学出版社,2005.05 |
| 170页;26cm.-(零起点·轿车新技术新结构维修技能实训系列) |
| ISBN 7-5640-0439-8:CNY 17.00 |
| ● |
| 相关链接 |
|
|
|
正题名:轿车SRS维修技能实训
索取号:U469.110.7/W195
 
预约/预借
| 序号 | 登录号 | 条形码 | 馆藏地/架位号 | 状态 | 备注 |
| 1 | 610645 | 206106453 | 自科库501/501自科库 56排5列5层/ [索取号:U469.110.7/W195] | 在馆 | |
| 2 | 610646 | 206106462 | 自科库501/ [索取号:U469.110.7/W195] | 在馆 | |
| 3 | 610647 | 206106471 | 自科库501/501自科库 56排5列5层/ [索取号:U469.110.7/W195] | 在馆 |